[Event "Malahide Millennium Senior 2024"]
[Site "Dublin IRL"]
[Date "2024.05.04"]
[Round "1.1"]
[White "Busig, Xavier Xerxes"]
[Black "Sarakauskas, Gediminas"]
[Result "0-1"]
[BlackTitle "IM"]
[WhiteElo "1974"]
[BlackElo "2343"]
[WhiteICU "1960"]
[WhiteNationality "PHI"]
[BlackNationality "LTU"]
[WhiteFideId "5206197"]
[BlackFideId "12800724"]
[PlyCount "72"]
[FIDETournamentId "367381"]
[ChessResultsKey "934635"]
[Venue "Radisson Blu Hotel, Dublin Airport"]
[EventDate "2024.05.04"]

{ Event information: <a
href="https://www.irlchess.com/malahide2024_allfiles/pairings_malahide2024.html">Tournament
report</a>. }

1. e4 c5 2. d4 cxd4 3. c3 dxc3 4. Nxc3 Nc6 5. Nf3 e6 6. Bc4 a6 7. O-O Nge7
8. Bg5 f6 9. Be3 Ng6 10. Qe2 b5 11. Bb3 Bb4 12. Rfd1 Qe7 13. h4 Bb7 14. h5
Nge5 15. Nd4 Na5 16. Rac1 Rc8 17. f4 Nxb3 18. Nxb3 Nc4 19. Bf2 O-O 20. a4
bxa4 21. Nxa4 d5 22. Nd4 a5 23. b3 Nd6 24. exd5 Bxd5 25. Nb6 Rxc1 26. Rxc1
Re8 27. f5 Qf7 28. fxe6 Bxe6 29. Qf3 f5 30. Nc6 Bd2 31. Rc2 Ne4 32. Ne5 Qf6
33. Bd4 Rd8 34. Bb2 Qh4 35. Rc7 Be3+ 36. Kf1 Rd1+ 0-1

[Event "Malahide Millennium Senior 2024"]
[Site "Dublin IRL"]
[Date "2024.05.04"]
[Round "1.2"]
[White "Daly, Colm"]
[Black "Hogan, Pat"]
[Result "1-0"]
[WhiteTitle "FM"]
[WhiteElo "2181"]
[BlackElo "1959"]
[WhiteICU "2144"]
[BlackICU "1827"]
[WhiteClub "Bray/Greystones"]
[BlackClub "Balbriggan"]
[WhiteNationality "IRL"]
[BlackNationality "IRL"]
[WhiteFideId "2500434"]
[BlackFideId "2504839"]
[PlyCount "47"]
[FIDETournamentId "367381"]
[ChessResultsKey "934635"]
[Venue "Radisson Blu Hotel, Dublin Airport"]
[EventDate "2024.05.04"]

{ Event information: <a
href="https://www.irlchess.com/malahide2024_allfiles/pairings_malahide2024.html">Tournament
report</a>. }

1. Nf3 Nf6 2. c4 c5 3. g3 g6 4. b3 Bg7 5. Bb2 Nc6 6. Bg2 O-O 7. O-O d6 8.
d4 cxd4 9. Nxd4 Bd7 10. Nc3 Rc8 11. Nc2 a6 12. Rb1 Re8 13. h3 Qc7 14. Nd5
Nxd5 15. cxd5 Nb8 16. Ne3 Bxb2 17. Rxb2 Qb6 18. Qd2 Qc5 19. Rc2 Qa7 20.
Rfc1 b5 21. Qa5 Qb7 22. Rc7 Rxc7 23. Rxc7 Qa8 24. Qb6 1-0

[Event "Malahide Millennium Senior 2024"]
[Site "Dublin IRL"]
[Date "2024.05.04"]
[Round "1.3"]
[White "Putar, Leon"]
[Black "Collins, Adam"]
[Result "0-1"]
[BlackTitle "CM"]
[WhiteElo "1939"]
[BlackElo "2162"]
[WhiteICU "1869"]
[BlackICU "2148"]
[WhiteClub "St. Benildus"]
[BlackClub "Malahide"]
[WhiteNationality "IRL"]
[BlackNationality "IRL"]
[WhiteFideId "14546612"]
[BlackFideId "2512300"]
[PlyCount "106"]
[FIDETournamentId "367381"]
[ChessResultsKey "934635"]
[Venue "Radisson Blu Hotel, Dublin Airport"]
[EventDate "2024.05.04"]

{ Event information: <a
href="https://www.irlchess.com/malahide2024_allfiles/pairings_malahide2024.html">Tournament
report</a>. }

1. e4 c5 2. Nf3 d6 3. d4 cxd4 4. Nxd4 Nf6 5. Nc3 Nc6 6. Nxc6 bxc6 7. Be3 g6
8. Qd2 Bg7 9. Be2 O-O 10. O-O Qc7 11. Bh6 Rd8 12. Bxg7 Kxg7 13. Rfd1 d5 14.
exd5 cxd5 15. Nb5 Qb6 16. a4 a6 17. a5 Qb8 18. Nc3 Bd7 19. Rab1 Qb4 20. Na2
Qd6 21. Qb4 Qc7 22. Nc3 Bf5 23. Bd3 Rab8 24. Qa4 Bxd3 25. cxd3 h5 26. Rdc1
Qd6 27. Ne2 Rb4 28. Qc2 Ng4 29. g3 Rdb8 30. Nc3 Rc8 31. Qd2 Ne5 32. Qe2 Nc6
33. Na2 Rbb8 34. b4 Nd4 35. Qe3 Qf6 36. Kg2 Nb5 37. Rc5 d4 38. Qe4 Nd6 39.
Qd5 Rxc5 40. Qxc5 Rc8 41. Qd5 Rc2 42. Rf1 Nf5 43. Kg1 Nd6 44. Nc1 Nb5 45.
Qb3 Qc6 46. Qb1 Qc3 47. Na2 Qd2 48. Nc1 Nc3 49. Qa1 Rb2 50. Qa3 Qc2 51. h4
Nb5 52. Qa1 Rb1 53. Qa2 Rxc1 0-1

[Event "Malahide Millennium Senior 2024"]
[Site "Dublin IRL"]
[Date "2024.05.04"]
[Round "1.4"]
[White "Melaugh, Shane"]
[Black "Singpurwala, Kevin"]
[Result "1-0"]
[WhiteTitle "CM"]
[WhiteElo "2102"]
[BlackElo "1924"]
[WhiteICU "2094"]
[BlackICU "1811"]
[WhiteClub "Elm Mount"]
[BlackClub "Dublin"]
[WhiteNationality "IRL"]
[BlackNationality "IRL"]
[WhiteFideId "2509580"]
[BlackFideId "2508583"]
[PlyCount "66"]
[FIDETournamentId "367381"]
[ChessResultsKey "934635"]
[Venue "Radisson Blu Hotel, Dublin Airport"]
[EventDate "2024.05.04"]

{ Event information: <a
href="https://www.irlchess.com/malahide2024_allfiles/pairings_malahide2024.html">Tournament
report</a>. }

1. c4 Nf6 2. Nc3 e5 3. Nf3 d6 4. d4 e4 5. Ng5 Bf5 6. Qc2 Qe7 7. f3 Nc6 8.
e3 Nxd4 9. Qa4+ Bd7 10. Qd1 Nf5 11. Ngxe4 Bc6 12. Bd3 Nxe4 13. Nxe4 g6 14.
O-O Bg7 15. Nf2 O-O 16. Bxf5 gxf5 17. Qc2 Qf6 18. Nd3 Bh6 19. Bd2 Rfe8 20.
Rae1 Qg6 21. Nb4 Bd7 22. Nd5 Rac8 23. Bc3 Bg7 24. f4 f6 25. Rf3 Kf7 26. Rg3
Qh6 27. Rxg7+ Qxg7 28. Nxf6 Qg6 29. Nxd7 Re6 30. e4 fxe4 31. f5 Qxg2+ 32.
Kxg2 Rg8+ 33. Kh1 Ke8 1-0

[Event "Malahide Millennium Senior 2024"]
[Site "Dublin IRL"]
[Date "2024.05.04"]
[Round "1.5"]
[White "Goss, Alex"]
[Black "O'Cuilleanain, Oisin"]
[Result "1/2-1/2"]
[WhiteElo "1914"]
[BlackElo "2060"]
[WhiteICU "1787"]
[BlackICU "2127"]
[WhiteClub "Gonzaga"]
[BlackClub "Knights of Eanna /Rathmines"]
[WhiteNationality "IRL"]
[BlackNationality "IRL"]
[WhiteFideId "2509407"]
[BlackFideId "2514249"]
[PlyCount "131"]
[FIDETournamentId "367381"]
[ChessResultsKey "934635"]
[Venue "Radisson Blu Hotel, Dublin Airport"]
[EventDate "2024.05.04"]
[BlackFullName "O'Cuilleanain, Ois&iacute;n"]

{ Event information: <a
href="https://www.irlchess.com/malahide2024_allfiles/pairings_malahide2024.html">Tournament
report</a>. }

1. d4 Nf6 2. Nf3 d5 3. Bf4 c5 4. e3 Nc6 5. c3 Qb6 6. Qb3 c4 7. Qxb6 axb6 8.
Nbd2 b5 9. Ne5 e6 10. Ndf3 b4 11. Nxc6 bxc6 12. cxb4 Bxb4+ 13. Ke2 c3 14.
bxc3 Bxc3 15. Rc1 Rxa2+ 16. Kd1 Ne4 17. Bg3 Bb2 18. Rxc6 Bd7 19. Ra6 Rxa6
20. Bxa6 Ba4+ 21. Ke2 Ke7 22. Nd2 Nc3+ 23. Kf3 Ra8 24. Bd3 Bd1+ 25. Kf4 h6
26. h4 Ba3 27. e4 dxe4 28. Bxe4 g5+ 29. hxg5 hxg5+ 30. Ke3 Nxe4 31. Rxd1
Nxg3 32. fxg3 Bd6 33. Ne4 f5 34. Nxg5 Bxg3 35. Nf3 Ra3+ 36. Rd3 Bf4+ 37.
Ke2 Ra2+ 38. Kf1 Kd6 39. Ng1 Bg5 40. Ne2 Bf6 41. Nc3 Rc2 42. g3 Kc7 43. Ne2
Kd7 44. Rf3 Ke7 45. g4 fxg4 46. Rg3 Rc4 47. Rxg4 e5 48. Re4 Kd7 49. Ke1
exd4 50. Kd2 Kd6 51. Kd3 Ra4 52. Kc2 Ra2+ 53. Kd3 Ra3+ 54. Kd2 Kd5 55. Rg4
Kc4 56. Rg6 Ra2+ 57. Kd1 Be5 58. Rc6+ Kd5 59. Rc8 Rb2 60. Rd8+ Ke4 61. Re8
d3 62. Nc1 Rb1 63. Kd2 Rb2+ 64. Kd1 Kd4 65. Rd8+ Ke3 66. Rxd3+ 1/2-1/2

[Event "Malahide Millennium Senior 2024"]
[Site "Dublin IRL"]
[Date "2024.05.04"]
[Round "1.6"]
[White "Liu, Jason"]
[Black "Kavanagh, James"]
[Result "1-0"]
[WhiteElo "1994"]
[BlackElo "1878"]
[WhiteICU "1947"]
[BlackICU "1807"]
[WhiteClub "Gonzaga"]
[BlackClub "Malahide"]
[WhiteNationality "IRL"]
[BlackNationality "IRL"]
[WhiteFideId "2514656"]
[BlackFideId "2510006"]
[PlyCount "55"]
[FIDETournamentId "367381"]
[ChessResultsKey "934635"]
[Venue "Radisson Blu Hotel, Dublin Airport"]
[EventDate "2024.05.04"]

{ Event information: <a
href="https://www.irlchess.com/malahide2024_allfiles/pairings_malahide2024.html">Tournament
report</a>. }

1. e4 c6 2. d4 d5 3. Nc3 dxe4 4. Nxe4 Bf5 5. Ng3 Bg6 6. h4 h6 7. Nf3 Nd7 8.
Bc4 e6 9. Qe2 Ngf6 10. O-O Nd5 11. Re1 Bd6 12. h5 Bh7 13. Ne5 Bxe5 14. dxe5
Qe7 15. a4 O-O 16. b3 Qh4 17. Ba3 Rfd8 18. Bd3 Bxd3 19. Qxd3 Nf4 20. Qe4
Nb6 21. Bd6 Qg5 22. Qf3 f5 23. c4 Kf7 24. Rad1 c5 25. Bxc5 Nd3 26. Rxd3
Rxd3 27. Qxd3 Rd8 28. Bd6 1-0

[Event "Malahide Millennium Senior 2024"]
[Site "Dublin IRL"]
[Date "2024.05.04"]
[Round "2.1"]
[White "Sarakauskas, Gediminas"]
[Black "Melaugh, Shane"]
[Result "0-1"]
[WhiteTitle "IM"]
[BlackTitle "CM"]
[WhiteElo "2343"]
[BlackElo "2102"]
[BlackICU "2094"]
[BlackClub "Elm Mount"]
[WhiteNationality "LTU"]
[BlackNationality "IRL"]
[WhiteFideId "12800724"]
[BlackFideId "2509580"]
[PlyCount "52"]
[FIDETournamentId "367381"]
[ChessResultsKey "934635"]
[Venue "Radisson Blu Hotel, Dublin Airport"]
[EventDate "2024.05.04"]

{ Event information: <a
href="https://www.irlchess.com/malahide2024_allfiles/pairings_malahide2024.html">Tournament
report</a>. }

1. e4 c5 2. Nf3 e6 3. d4 cxd4 4. Nxd4 Nf6 5. Nc3 Nc6 6. Nxc6 bxc6 7. e5 Nd5
8. Ne4 Qc7 9. f4 Rb8 10. c4 Bb4+ 11. Ke2 O-O 12. cxd5 cxd5 13. Nf2 f6 14.
exf6 Rxf6 15. Nd3 Ba6 16. a3 Bd6 17. Ke1 Bxd3 18. Qxd3 Bxf4 19. Kd1 Qe5 20.
Qc3 d4 21. Qc2 Be3 22. Bxe3 dxe3 23. Qc3 Rxf1+ 24. Rxf1 e2+ 25. Ke1 exf1=Q+
26. Kxf1 Qxh2 0-1

[Event "Malahide Millennium Senior 2024"]
[Site "Dublin IRL"]
[Date "2024.05.04"]
[Round "2.2"]
[White "Sidney, Will"]
[Black "Daly, Colm"]
[Result "1-0"]
[BlackTitle "FM"]
[WhiteElo "1853"]
[BlackElo "2181"]
[WhiteICU "1801"]
[BlackICU "2144"]
[WhiteClub "Enniscorthy"]
[BlackClub "Bray/Greystones"]
[WhiteNationality "IRL"]
[BlackNationality "IRL"]
[WhiteFideId "2509539"]
[BlackFideId "2500434"]
[PlyCount "112"]
[FIDETournamentId "367381"]
[ChessResultsKey "934635"]
[Venue "Radisson Blu Hotel, Dublin Airport"]
[EventDate "2024.05.04"]

{ Event information: <a
href="https://www.irlchess.com/malahide2024_allfiles/pairings_malahide2024.html">Tournament
report</a>. }

1. e4 c5 2. Nf3 e6 3. d4 cxd4 4. Nxd4 Nc6 5. Nc3 a6 6. Nxc6 bxc6 7. Bd3 d5
8. O-O Nf6 9. Qf3 Be7 10. e5 Nd7 11. Qg3 g6 12. Bh6 Rb8 13. Nd1 Nc5 14. b3
Rb4 15. f4 Nxd3 16. cxd3 f5 17. exf6 Bxf6 18. Rc1 Bd7 19. Kh1 Bd4 20. Ne3
Bxe3 21. Qxe3 Qb6 22. Qe5 Rg8 23. Bg5 Qb8 24. Qf6 Qd6 25. Qd8+ (25. f5 $1
gxf5 26. Rxf5 { is even stronger }) 25... Kf7 26. Rxc6 $18 Rxd8 27. Rxd6
Rbb8 28. Rc1 Ke8 29. Bxd8 Kxd8 30. Rxa6 Rb4 31. g3 Rd4 32. Rc3 Bb5 33. Ra7
Bxd3 34. Rcc7 Be4+ 35. Kg1 Rd1+ 36. Kf2 Rd2+ 37. Ke1 Rxa2 38. Rxh7 Rxa7 39.
Rxa7 Bc2 40. b4 Bd3 41. Kd2 Bf5 42. b5 Kc8 43. b6 Kb8 44. Ke3 g5 45. h4
gxh4 46. gxh4 Bg6 47. Kd4 Kc8 48. Ke5 Bf5 49. h5 Kb8 50. h6 d4 51. Kxd4 Bg6
52. h7 Bxh7 53. Rxh7 e5+ 54. Kxe5 Ka8 55. Kd6 Kb8 56. Kc6 Kc8 1-0

[Event "Malahide Millennium Senior 2024"]
[Site "Dublin IRL"]
[Date "2024.05.04"]
[Round "2.3"]
[White "Collins, Adam"]
[Black "Liu, Jason"]
[Result "1/2-1/2"]
[WhiteTitle "CM"]
[WhiteElo "2162"]
[BlackElo "1994"]
[WhiteICU "2148"]
[BlackICU "1947"]
[WhiteClub "Malahide"]
[BlackClub "Gonzaga"]
[WhiteNationality "IRL"]
[BlackNationality "IRL"]
[WhiteFideId "2512300"]
[BlackFideId "2514656"]
[PlyCount "94"]
[FIDETournamentId "367381"]
[ChessResultsKey "934635"]
[Venue "Radisson Blu Hotel, Dublin Airport"]
[EventDate "2024.05.04"]

{ Event information: <a
href="https://www.irlchess.com/malahide2024_allfiles/pairings_malahide2024.html">Tournament
report</a>. }

1. d4 Nf6 2. c4 e6 3. g3 d5 4. Nf3 g6 5. Bg2 Bg7 6. O-O O-O 7. Qc2 Nc6 8.
Rd1 Ne7 9. Nbd2 c6 10. b3 b6 11. Bb2 Bb7 12. Rac1 Rc8 13. Qb1 Qd6 14. Qa1
Qb8 15. a4 a5 16. c5 Ba6 17. Bf1 Nd7 18. cxb6 Qxb6 19. Ba3 Rfe8 20. Qc3 Nf5
21. e3 Bxf1 22. Rxf1 e5 23. dxe5 Nxe5 24. Nxe5 Bxe5 25. Qd3 h5 26. Nf3 Bg7
27. Bc5 Qb7 28. Rc2 Rb8 29. Rb1 h4 30. Kg2 hxg3 31. hxg3 Re4 32. Nd2 Rg4
33. Qe2 Qd7 34. Rh1 Re8 35. Qf3 Bf6 36. Kf1 Bg5 37. Rc3 Bf6 38. Rd3 Be5 39.
Rg1 Qe6 40. Ke1 Nd4 41. Bxd4 Bxd4 42. Ke2 Bg7 43. Rc1 Rb4 44. Kf1 Qh3+ 45.
Ke2 Qe6 46. Kf1 Qh3+ 47. Ke2 Qe6 1/2-1/2

[Event "Malahide Millennium Senior 2024"]
[Site "Dublin IRL"]
[Date "2024.05.04"]
[Round "2.4"]
[White "O'Cuilleanain, Oisin"]
[Black "Ivanov, Andrey"]
[Result "1-0"]
[WhiteElo "2060"]
[BlackElo "2001"]
[WhiteICU "2127"]
[BlackICU "1981"]
[WhiteClub "Knights of Eanna /Rathmines"]
[BlackClub "Malahide"]
[WhiteNationality "IRL"]
[BlackNationality "IRL"]
[WhiteFideId "2514249"]
[BlackFideId "2514311"]
[PlyCount "119"]
[FIDETournamentId "367381"]
[ChessResultsKey "934635"]
[Venue "Radisson Blu Hotel, Dublin Airport"]
[EventDate "2024.05.04"]
[WhiteFullName "O'Cuilleanain, Ois&iacute;n"]

{ Event information: <a
href="https://www.irlchess.com/malahide2024_allfiles/pairings_malahide2024.html">Tournament
report</a>. }

1. e4 c5 2. Nf3 d6 3. d4 cxd4 4. Nxd4 Nf6 5. Nc3 a6 6. Rg1 e5 7. Nb3 Be6 8.
g4 d5 9. exd5 Nxd5 10. Nxd5 Qxd5 11. Be3 Qxd1+ 12. Rxd1 Nc6 13. Bg2 Bxb3
14. axb3 Be7 15. Bxc6+ bxc6 16. Ke2 g5 17. Ra1 Kd7 18. Ra5 Ke6 19. Rga1 h5
20. h3 hxg4 21. hxg4 Rh4 22. Rxa6 Rxa6 23. Rxa6 Rxg4 24. Rxc6+ Kd7 25. Ra6
f5 26. Ra5 f4 27. Ba7 e4 28. Re5 e3 29. Kf3 Rg1 30. fxe3 g4+ 31. Kf2 Rc1
32. exf4 Bh4+ 33. Ke3 Rxc2 34. Rd5+ Ke6 35. Rd2 Rc1 36. Ke4 Re1+ 37. Be3
Be7 38. Rg2 Bc5 39. Rg3 Re2 40. Kd3 Rxb2 41. Kc3 Ba3 42. Rxg4 Rh2 43. Rg5
Rh3 44. Re5+ Kf6 45. Kc4 Bd6 46. Re8 Be7 47. Bd4+ Kf7 48. Rh8 Rf3 49. Be5
Ke6 50. b4 Re3 51. Rh6+ Kd7 52. b5 Re4+ 53. Kd5 Rb4 54. b6 Bd8 55. Bd4 Be7
56. Rh7 Rb5+ 57. Kc4 Rb4+ 58. Kc3 Ra4 59. Rxe7+ Kxe7 60. b7 1-0

[Event "Malahide Millennium Senior 2024"]
[Site "Dublin IRL"]
[Date "2024.05.04"]
[Round "2.5"]
[White "Culbeaux Tello, Oscar Abraham"]
[Black "Goss, Alex"]
[Result "1-0"]
[WhiteTitle "FM"]
[WhiteElo "2035"]
[BlackElo "1914"]
[WhiteICU "1967"]
[BlackICU "1787"]
[WhiteClub "Ennis"]
[BlackClub "Gonzaga"]
[WhiteNationality "MEX"]
[BlackNationality "IRL"]
[WhiteFideId "5101530"]
[BlackFideId "2509407"]
[PlyCount "185"]
[FIDETournamentId "367381"]
[ChessResultsKey "934635"]
[Venue "Radisson Blu Hotel, Dublin Airport"]
[EventDate "2024.05.04"]

{ Event information: <a
href="https://www.irlchess.com/malahide2024_allfiles/pairings_malahide2024.html">Tournament
report</a>. }

1. e4 e6 2. d4 d5 3. Nd2 c5 4. exd5 cxd4 5. Ngf3 Qxd5 6. Bc4 Qd7 7. O-O Nf6
8. Nb3 Nc6 9. Re1 Bb4 10. Re2 O-O 11. a3 Bd6 12. Nbxd4 Nxd4 13. Qxd4 Qc7
14. Bg5 Be7 15. Bd3 h6 16. Bf4 Qc5 17. Qxc5 Bxc5 18. Rd1 Bd7 19. Ne5 Rfd8
20. Red2 Nd5 21. Bg3 g6 22. c4 Ba4 23. cxd5 Bxd1 24. Rxd1 Rxd5 25. Kf1 Rad8
26. Ke2 Bd6 27. Ng4 Kg7 28. Ne3 Rd4 29. Nc2 Rd5 30. Ne3 Rd4 31. Bxd6 R4xd6
32. Be4 b6 33. Rxd6 Rxd6 34. b4 f5 35. Bb7 Kf6 36. Nc4 Rd4 37. Ba6 e5 38.
Nb2 g5 39. Nd1 Re4+ 40. Kd2 Rd4+ 41. Ke2 Re4+ 42. Kf1 Rd4 43. Ke1 Re4+ 44.
Be2 Rd4 45. Nc3 Rd7 46. Bb5 Rd4 47. Be2 Rd7 48. Nb5 e4 49. a4 Ke5 50. Na3
Kd4 51. Kd2 e3+ 52. fxe3+ Ke4+ 53. Ke1 Kxe3 54. Nc2+ Ke4 55. Bb5 Rc7 56.
Kd2 h5 57. Bd3+ Ke5 58. Ne3 f4 59. Nc4+ Kd5 60. Na3 g4 61. Nb5 Rg7 62. Nc3+
Ke5 63. Ke2 h4 64. Ne4 Kd4 65. Nd6 Re7+ 66. Kd2 Re5 67. Nf5+ Kd5 68. Nxh4
g3 69. h3 Rh5 70. Nf3 Rh8 71. h4 Rh6 72. Kc3 Rc6+ 73. Kd2 Rh6 74. Be2 Ke4
75. Ng5+ Kf5 76. Bd3+ Kf6 77. Nf3 Ke6 78. Be4 Kf6 79. Kd3 Rh8 80. Kc4 Re8
81. Kd4 Rd8+ 82. Bd5 Re8 83. Be4 Rd8+ 84. Kc4 Re8 85. Bb7 Re7 86. Bc6 Re2
87. Nd4 Re1 88. Kb5 Rh1 89. Nf3 Kf5 90. Ka6 Rh2 91. Nd4+ Ke5 92. Ne2 Rxh4
93. Kxa7 1-0

[Event "Malahide Millennium Senior 2024"]
[Site "Dublin IRL"]
[Date "2024.05.04"]
[Round "2.6"]
[White "Singpurwala, Kevin"]
[Black "Busig, Xavier Xerxes"]
[Result "1-0"]
[WhiteElo "1924"]
[BlackElo "1974"]
[WhiteICU "1811"]
[BlackICU "1960"]
[WhiteClub "Dublin"]
[WhiteNationality "IRL"]
[BlackNationality "PHI"]
[WhiteFideId "2508583"]
[BlackFideId "5206197"]
[PlyCount "97"]
[FIDETournamentId "367381"]
[ChessResultsKey "934635"]
[Venue "Radisson Blu Hotel, Dublin Airport"]
[EventDate "2024.05.04"]

{ Event information: <a
href="https://www.irlchess.com/malahide2024_allfiles/pairings_malahide2024.html">Tournament
report</a>. }

1. d4 g6 2. Nf3 Bg7 3. c4 Nf6 4. Nc3 O-O 5. g3 c6 6. e4 d6 7. Bg2 e5 8. d5
c5 9. O-O Na6 10. a3 Bd7 11. Rb1 Ne8 12. Be3 f5 13. Qc1 Nf6 14. b4 cxb4 15.
axb4 Rc8 16. Nd2 Nh5 17. f3 f4 18. Bf2 fxg3 19. hxg3 Bh6 20. Ne2 Bb5 21. f4
Bd7 22. fxe5 dxe5 23. c5 Bb5 24. Qd1 Rc7 25. Nf3 Qe8 26. g4 Bxe2 27. Qxe2
Nf4 28. Qc4 Rcf7 29. d6 Nb8 30. Bh4 Nd7 31. Be7 Kh8 32. Bxf8 Rxf8 33. b5
Nb8 34. Rb2 Bg7 35. Ne1 Qc8 36. Bf3 Ne6 37. Rc2 Nd4 38. Rg2 Nd7 39. c6 bxc6
40. bxc6 Qxc6 41. Qxc6 Nxc6 42. Bd1 Rd8 43. Nf3 Bh6 44. Ba4 Be3+ 45. Kh1
Ndb8 46. Rd1 Bd4 47. Ng5 Rf8 48. Rh2 Be3 49. Rxh7+ 1-0

[Event "Malahide Millennium Senior 2024"]
[Site "Dublin IRL"]
[Date "2024.05.04"]
[Round "2.7"]
[White "Hogan, Pat"]
[Black "Guinan, Cian"]
[Result "0-1"]
[WhiteElo "1959"]
[BlackElo "1881"]
[WhiteICU "1827"]
[BlackICU "1711"]
[WhiteClub "Balbriggan"]
[BlackClub "Ballinasloe"]
[WhiteNationality "IRL"]
[BlackNationality "IRL"]
[WhiteFideId "2504839"]
[BlackFideId "2505681"]
[PlyCount "78"]
[FIDETournamentId "367381"]
[ChessResultsKey "934635"]
[Venue "Radisson Blu Hotel, Dublin Airport"]
[EventDate "2024.05.04"]

{ Event information: <a
href="https://www.irlchess.com/malahide2024_allfiles/pairings_malahide2024.html">Tournament
report</a>. }

1. d4 g6 2. Bf4 Bg7 3. Nc3 d6 4. Qd2 Nd7 5. O-O-O c6 6. e4 Qc7 7. Nf3 e5 8.
dxe5 dxe5 9. Be3 Ngf6 10. h3 O-O 11. Qd6 Qxd6 12. Rxd6 Re8 13. Rd2 b5 14.
Bd3 Bf8 15. Ne2 Nc5 16. Ng3 Rb8 17. Kb1 Bb7 18. c3 Nxd3 19. Rxd3 c5 20. Ka1
Nxe4 21. Nxe4 Bxe4 22. Rd7 Bxf3 23. gxf3 a5 24. Rhd1 c4 25. Ra7 Rbd8 26.
Rxd8 Rxd8 27. Kb1 a4 28. Kc2 Kg7 29. h4 h6 30. Rb7 Rd5 31. Rb8 Be7 32. f4
exf4 33. Bxf4 Bxh4 34. Be3 h5 35. Rb6 Bf6 36. b3 cxb3+ 37. axb3 axb3+ 38.
Kxb3 h4 39. Kb4 h3 0-1

[Event "Malahide Millennium Senior 2024"]
[Site "Dublin IRL"]
[Date "2024.05.04"]
[Round "2.8"]
[White "Kavanagh, James"]
[Black "Putar, Leon"]
[Result "0-1"]
[WhiteElo "1878"]
[BlackElo "1939"]
[WhiteICU "1807"]
[BlackICU "1869"]
[WhiteClub "Malahide"]
[BlackClub "St. Benildus"]
[WhiteNationality "IRL"]
[BlackNationality "IRL"]
[WhiteFideId "2510006"]
[BlackFideId "14546612"]
[PlyCount "43"]
[FIDETournamentId "367381"]
[ChessResultsKey "934635"]
[Venue "Radisson Blu Hotel, Dublin Airport"]
[EventDate "2024.05.04"]

{ Event information: <a
href="https://www.irlchess.com/malahide2024_allfiles/pairings_malahide2024.html">Tournament
report</a>. }

1. e4 e6 2. d4 d5 3. Nd2 Nf6 4. e5 Nfd7 5. Bd3 c5 6. c3 Nc6 7. Ne2 cxd4 8.
cxd4 f6 9. exf6 Nxf6 10. Nf3 Bd6 11. Bf4 O-O 12. O-O Ng4 13. Qd2 Bxf4 14.
Nxf4 Qd6 15. g3 Bd7 16. Qc2 Rxf4 17. Bxh7+ Kh8 18. Nh4 Nxd4 19. Qd3 Bb5 20.
Qb1 Nf3+ 21. Nxf3 Rxf3 22. Qd1 0-1

[Event "Malahide Millennium Senior 2024"]
[Site "Dublin IRL"]
[Date "2024.05.05"]
[Round "3.1"]
[White "Melaugh, Shane"]
[Black "Sidney, Will"]
[Result "1-0"]
[WhiteTitle "CM"]
[WhiteElo "2102"]
[BlackElo "1853"]
[WhiteICU "2094"]
[BlackICU "1801"]
[WhiteClub "Elm Mount"]
[BlackClub "Enniscorthy"]
[WhiteNationality "IRL"]
[BlackNationality "IRL"]
[WhiteFideId "2509580"]
[BlackFideId "2509539"]
[PlyCount "43"]
[FIDETournamentId "367381"]
[ChessResultsKey "934635"]
[Venue "Radisson Blu Hotel, Dublin Airport"]
[EventDate "2024.05.04"]

{ Event information: <a
href="https://www.irlchess.com/malahide2024_allfiles/pairings_malahide2024.html">Tournament
report</a>. }

1. c4 e5 2. Nc3 Nf6 3. g3 c6 4. d4 exd4 5. Qxd4 d5 6. Bf4 Na6 7. O-O-O Bc5
8. Qe5+ Be6 9. cxd5 cxd5 10. e4 O-O 11. exd5 Bg4 12. f3 Re8 13. Qg5 h6 14.
Qh4 Bf5 15. g4 g5 16. Qxh6 gxf4 17. gxf5 Rc8 18. Bxa6 bxa6 19. Nge2 Qb6 20.
Rhg1+ Bxg1 21. Rxg1+ Qxg1+ 22. Nxg1 1-0

[Event "Malahide Millennium Senior 2024"]
[Site "Dublin IRL"]
[Date "2024.05.05"]
[Round "3.4"]
[White "Guinan, Cian"]
[Black "Sarakauskas, Gediminas"]
[Result "0-1"]
[BlackTitle "IM"]
[WhiteElo "1881"]
[BlackElo "2343"]
[WhiteICU "1711"]
[WhiteClub "Ballinasloe"]
[WhiteNationality "IRL"]
[BlackNationality "LTU"]
[WhiteFideId "2505681"]
[BlackFideId "12800724"]
[PlyCount "68"]
[FIDETournamentId "367381"]
[ChessResultsKey "934635"]
[Venue "Radisson Blu Hotel, Dublin Airport"]
[EventDate "2024.05.04"]

{ Event information: <a
href="https://www.irlchess.com/malahide2024_allfiles/pairings_malahide2024.html">Tournament
report</a>. }

1. e4 c5 2. Nc3 e6 3. f4 d5 4. Nf3 Nf6 5. Bb5+ Bd7 6. Bxd7+ Nbxd7 7. e5 d4
8. Ne2 Nd5 9. c4 dxc3 10. dxc3 Be7 11. O-O O-O 12. f5 Re8 13. fxe6 fxe6 14.
Nf4 Nxf4 15. Bxf4 Nb6 16. Qe1 Nd5 17. Rd1 Qb6 18. Bg5 c4+ 19. Rf2 Bc5 20.
Nd4 Nb4 21. Qe4 Nd3 22. Rf3 Qxb2 23. Rh3 Qf2+ 24. Kh1 Qf5 25. Qxf5 exf5 26.
Rf3 Rxe5 27. Rdf1 h6 28. Bh4 Bxd4 29. cxd4 Re4 30. Bg3 Rxd4 31. Rxf5 c3 32.
Be5 Rc4 33. Bxg7 Kxg7 34. Rf7+ Kg8 0-1